000 00677nam a2200253Ia 4500
001 13294
005 20240113235439.0
007 ta
008 051107s1987 a g b000 u asm u
040 _aCotton College,Assam
041 _aasm
082 _a891.411
_bBo 644 Ad
100 _aBordoloi, Nirmalprabha .
245 0 _aAdhunik Kabita /
_cNirmalprabha Bordoloi.
_hTextual Documents
250 _a1st ed. /
260 _aCalcutta :
_bSribhumi Publishing Co ,
_c1987.
300 _a46p. :
_bill ;
_c22cm .
653 _aAssamese Poetry-Criticism
653 _aG-Assamese
942 _2ddc
_cBK
999 _c13280
_d13280